| 000 | 00594nam a22001577a 4500 | ||
|---|---|---|---|
| 005 | 20120224162627.0 | ||
| 020 |
_a0851572715 _c00.00 |
||
| 035 | _aA-820496 | ||
| 037 |
_aDPL _bENG |
||
| 100 |
_aOlle, James G. _942974 |
||
| 245 |
_aOutlines of modern librarianship : _bLibrary history / _cby James G Olle |
||
| 260 |
_aLondon _bClive Bingley _c1979 |
||
| 300 |
_a114p. _c18 cms. |
||
| 942 |
_2ddc _cEN _h021.0072 _mOLL |
||
| 999 |
_c63416 _d63416 |
||